Statistics for Canada Top ten cities (population)

Click here to take the quiz!

General Stats

  • This quiz has been taken 74 times
  • The average score is 7 of 10

Answer Stats

PopulationCity% Correct
2,615,060Toronto
100%
1,649,519Montreal
94%
812,201Edmonton
90%
603,502Vancouver
90%
883,391Ottawa
88%
1,096,833Calgary
87%
663,617Winnipeg
68%
519,949Hamilton
51%
713,443Mississauga
34%
523,911Brampton
19%

Score Distribution

Percentile by Number Answered

Percent of People with Each Score

Your Score History

You have not taken this quiz